Southville International School and Colleges
Your cart is empty.
  • Cart
  • Lists
    Public lists list_1 View all
    Your lists Log in to create your own lists
  • Log in to your account
  • Your cookies
  • Search history
Southville International School and Colleges
  • Advanced search
  • Recent comments
  • Most popular
  • Libraries

Log in to your account

Log in with GOOGLE


If you do not have an external account, but do have a local account, you can still log in:

  1. Home
  2. MARC view: Quality attributes and quality models for ambient assisted living software systems: A systematic mapping
Normal view MARC view ISBD view

Quality attributes and quality models for ambient assisted living software systems: A systematic mapping (Record no. 340890)

[ view plain ]
MARC details
000 -LEADER
fixed length control field 00645nam a2200181Ia 4500
008 - FIXED-LENGTH DATA ELEMENTS--GENERAL INFORMATION
fixed length control field 170725s9999 xx 000 0 und d
100 ## - MAIN ENTRY--PERSONAL NAME
Personal name Lina Garcés
245 ## - TITLE STATEMENT
Title Quality attributes and quality models for ambient assisted living software systems: A systematic mapping
245 ## - TITLE STATEMENT
Statement of responsibility, etc Lina Garcés, Apostolos Ampatzoglou, Paris Avgeriou, Elisa Yumi Nakagawa
260 ## - PUBLICATION, DISTRIBUTION, ETC. (IMPRINT)
Date of publication, distribution, etc 2017
300 ## - PHYSICAL DESCRIPTION
Extent pages 121-138, February
440 ## - SERIES STATEMENT/ADDED ENTRY--TITLE
Title Information and software technology
Volume number/sequential designation 82:
500 ## - GENERAL NOTE
General note CJ0029
650 ## - SUBJECT ADDED ENTRY--TOPICAL TERM
Topical term or geographic name as entry element Systematic mapping; ISO/IEC 25010
650 ## - SUBJECT ADDED ENTRY--TOPICAL TERM
Topical term or geographic name as entry element Ambient assisted living
650 ## - SUBJECT ADDED ENTRY--TOPICAL TERM
Topical term or geographic name as entry element Quality attribute
650 ## - SUBJECT ADDED ENTRY--TOPICAL TERM
Topical term or geographic name as entry element Quality model
Holdings
Withdrawn status Lost status Damaged status Home library Current library Date acquired Total Checkouts Date last seen Price effective from Koha item type
      College Library College Library 07/25/2017   07/25/2017 07/25/2017 Periodicals

Quality attributes and quality models for ambient assisted living software systems: A systematic mapping

APA

Lina Garcés, . (2017). Quality attributes and quality models for ambient assisted living software systems: A systematic mapping. : .

Chicago

Lina Garcés, . 2017. Quality attributes and quality models for ambient assisted living software systems: A systematic mapping. : .

Harvard

Lina Garcés, . (2017). Quality attributes and quality models for ambient assisted living software systems: A systematic mapping. : .

MLA

Lina Garcés, . Quality attributes and quality models for ambient assisted living software systems: A systematic mapping. : . 2017.

  • Place hold
  • Print
  • Cite
  • Add to your cart (remove)
  • Save record
    BIBTEX Dublin Core MARCXML MARC (non-Unicode/MARC-8) MARC (Unicode/UTF-8) MARC (Unicode/UTF-8, Standard) MODS (XML) RIS
  • More searches
    Search for this title in:
    Other Libraries (WorldCat) Other Databases (Google Scholar) Online Stores (Bookfinder.com) Open Library (openlibrary.org)

Exporting to Dublin Core...

SOUTHVILLE LIBRARY

Southville International School and Colleges Library

1281 Tropical Ave. Cor. Luxembourg St., BF Homes International, Las Pinas City

Tel. No. 8256374 / 252358 Loc. 117/146

Powered by Koha